Concepts in environmental studies (Record no. 1236974)

MARC details
000 -LEADER
fixed length control field 00881nam a2200337Ia 4500
005 - DATE AND TIME OF LATEST TRANSACTION
control field 20250115124452.0
008 - FIXED-LENGTH DATA ELEMENTS--GENERAL INFORMATION
fixed length control field 008 250103s9999 xx 000 0 eng d
020 ## - INTERNATIONAL STANDARD BOOK NUMBER
International Standard Book Number 9789390620456
037 ## - SOURCE OF ACQUISITION
Stock number Textual
040 ## - CATALOGING SOURCE
Original cataloging agency CSL
Language of cataloging eng
040 ## - CATALOGING SOURCE
Transcribing agency CSL
041 ## - LANGUAGE CODE
Source of code eng
041 ## - LANGUAGE CODE
Language code of text/sound track or separate title eng
084 ## - COLON CLASSIFICATION NUMBER
Classification number G:55 R1
084 ## - COLON CLASSIFICATION NUMBER
Assigning agency CSL
100 ## - MAIN ENTRY--PERSONAL NAME
Personal name Pani Balaram
9 (RLIN) 732263
245 #0 - TITLE STATEMENT
Title Concepts in environmental studies
245 #0 - TITLE STATEMENT
Statement of responsibility, etc. Pani Balaram …[ et al.]
260 ## - PUBLICATION, DISTRIBUTION, ETC.
Place of publication, distribution, etc. New Delhi
260 ## - PUBLICATION, DISTRIBUTION, ETC.
Name of publisher, distributor, etc. I K International Pvt. Ltd
260 ## - PUBLICATION, DISTRIBUTION, ETC.
Date of publication, distribution, etc. 2012
300 ## - PHYSICAL DESCRIPTION
Extent ix, 183p. ill.
650 ## - SUBJECT ADDED ENTRY--TOPICAL TERM
Topical term or geographic name entry element Biodiversity
650 ## - SUBJECT ADDED ENTRY--TOPICAL TERM
Topical term or geographic name entry element Ecosystems
9 (RLIN) 710135
650 ## - SUBJECT ADDED ENTRY--TOPICAL TERM
Topical term or geographic name entry element Environment
650 ## - SUBJECT ADDED ENTRY--TOPICAL TERM
Topical term or geographic name entry element Human Population and environment
9 (RLIN) 732264
650 ## - SUBJECT ADDED ENTRY--TOPICAL TERM
Topical term or geographic name entry element Natural Resourses
9 (RLIN) 732265
700 ## - ADDED ENTRY--PERSONAL NAME
Personal name Pani Balaram
9 (RLIN) 732263
942 ## - ADDED ENTRY ELEMENTS (KOHA)
Koha item type Textual
Classification part G:55 R1
Holdings
Withdrawn status Lost status Damaged status Not for loan Home library Current library Date acquired Total Checkouts Full call number Barcode Date last seen Price effective from Koha item type
        Central Science Library Central Science Library 2025-01-15   G:55 R1 SL0860158 2025-01-15 2025-01-15 Textual
Copyright @ Delhi University Library System